000 00792nam a2200253 a 4500
001 2384195
003 ARRUPE
005 20140129162739.0
008 841123t19841983ii b 000 0 eng
010 _a 84902181
020 _cRs12.00
025 _aI E 47614
040 _aDLC
_cDLC
_dDLC
050 0 0 _aBX1939.M3.L799 1983
100 1 _aLobo, George V.,
_d1923-
_97252
245 1 4 _aThe new marriage law /
_cGeorge V. Lobo.
260 _aBombay :
_bSt. Paul Publications,
_c1983.
300 _a152 p. ;
_c19 cm.
504 _aIncludes bibliographical references.
520 _aInterpretation of the New Code of the Canon Law regarding Christian marriage.
650 0 _aMarriage (Canon law)
_97253
906 _a7
_bcbc
_corignew
_d2
_encip
_f19
_gy-gencatlg
942 _2lcc
_cMONOGRAPH
999 _c119754
_d119754